Substituent Dependence of Stable Conformations in Triazolobenzothiazines

Elmentve itt :
Bibliográfiai részletek
Szerzők: Sohár Pál
Fodor Lajos
Szabó J.
Bernáth Gábor
Dokumentumtípus: Cikk
Megjelent: 1984
Sorozat:ORGANIC MAGNETIC RESONANCE 22 No. 11
Tárgyszavak:
doi:10.1002/mrc.1270221111

mtmt:31887
Online Access:http://publicatio.bibl.u-szeged.hu/33214
LEADER 00804nab a2200241 i 4500
001 publ33214
005 20250522153227.0
008 250522s1984 hu o 000 eng d
022 |a 0030-4921 
024 7 |a 10.1002/mrc.1270221111  |2 doi 
024 7 |a 31887  |2 mtmt 
040 |a SZTE Publicatio Repozitórium  |b hun 
041 |a eng 
100 1 |a Sohár Pál 
245 1 0 |a Substituent Dependence of Stable Conformations in Triazolobenzothiazines  |h [elektronikus dokumentum] /  |c  Sohár Pál 
260 |c 1984 
300 |a 720-723 
490 0 |a ORGANIC MAGNETIC RESONANCE  |v 22 No. 11 
650 4 |a Általános orvostudomány 
700 0 1 |a Fodor Lajos  |e aut 
700 0 1 |a Szabó J.  |e aut 
700 0 1 |a Bernáth Gábor  |e aut 
856 4 0 |u http://publicatio.bibl.u-szeged.hu/33214/1/aok_klny_1025_84.pdf  |z Dokumentum-elérés